Statistics for Most Populated Countries Multiple Choices!

Click here to take the quiz!

General Stats

  • This quiz has been taken 7 times
  • The average score is 7 of 10

Answer Stats

QuestionAnswer% Correct
These are Very HardBelgium
100%
Your Brain Hasn't ExplodedNepal
83%
How About TheseTanzania
83%
Out of TheseColombia
67%
How are You Still GuessingLithuania
67%
You Can do it!Pakistan
67%
The Hardest oneThailand
67%
So Hard...Luxembourg
50%
What About TheseMexico
50%
These are HardDenmark
33%

Score Distribution

Percentile by Number Answered

Percent of People with Each Score

Your Score History

You have not taken this quiz